[Event "AUTO-MASTER-1191"]
[Site "http://www.queenalice.com/game.php?id=818144"]
[Date "2010.8.14"]
[Round "1"]
[White "falekhine"]
[Black "Elemptis"]
[Result "0-1"]
[WhiteElo "2042"]
[BlackElo "2187"]

1. d4 d5 2. c4 c6 3. Nf3 Nf6 4. Bg5 dxc4 5. Bxf6 exf6 6. a4 Bb4+ 7. Nc3 Qa5 8.
Qc2 O-O 9. e3 Bf5 10. Qc1 Be6 11. Nd2 Qa6 12. Be2 Nd7 13. Nce4 c5 14. dxc5 f5
15. Ng5 Nxc5 16. Nxe6 Ne4 17. Nc7 Qa5 18. O-O Bxd2 19. Qxc4 Rac8 0-1

[Event "AUTO-MASTER-1207"]
[Site "http://www.queenalice.com/game.php?id=825856"]
[Date "2010.8.31"]
[Round "1"]
[White "Elemptis"]
[Black "shmurtz91"]
[Result "1-0"]
[WhiteElo "2142"]
[BlackElo "1969"]

1. e4 e5 2. Nf3 Nc6 3. Bb5 Nge7 4. O-O a6 5. Ba4 b5 6. Bb3 Na5 7. Nxe5 Nxb3 8.
axb3 d6 9. Nf3 Bg4 10. h3 Bh5 11. d4 Nc6 12. Be3 Be7 13. g4 Bg6 14. d5 Ne5 15.
Nxe5 dxe5 16. f3 h5 17. Kg2 hxg4 18. hxg4 Qd7 19. Nc3 b4 20. Na4 Rh4 21. Rh1
O-O-O 22. Rxh4 Bxh4 23. Nc5 Qb5 24. Rxa6 c6 25. Ra8+ Kc7 26. d6+ Rxd6 27. Ra7+
Kc8 28. Qxd6 Qe2+ 29. Kh3 Qf1+ 30. Kxh4 Qh1+ 31. Kg3 Qe1+ 32. Bf2 1-0

[Event "AUTO-MASTER-1207"]
[Site "http://www.queenalice.com/game.php?id=825857"]
[Date "2010.8.31"]
[Round "1"]
[White "shmurtz91"]
[Black "Elemptis"]
[Result "0-1"]
[WhiteElo "1979"]
[BlackElo "2135"]

1. Nf3 Nf6 2. d3 d5 3. d4 g6 4. Nc3 Nc6 5. Bf4 a6 6. Ne5 Bg7 7. Nxc6 bxc6 8. f3
Nh5 9. Bg5 Rb8 10. Rb1 h6 11. Bh4 O-O 12. e4 Rb4 13. Ne2 dxe4 14. fxe4 Be6 15.
c3 Rb6 16. Ng3 Nxg3 17. Bxg3 Bxa2 18. Ra1 Rxb2 19. Bxa6 Bb3 20. Qf3 c5 21. d5 c6
22. c4 cxd5 23. cxd5 Bd4 24. Bf4 Qb6 25. Be2 Qb4+ 26. Bd2 Qxd2+ 27. Kf1 Rb8 28.
g3 Bc4 29. Re1 Rb1 30. Kg2 Rxe1 0-1

[Event "AUTO-MASTER-1207"]
[Site "http://www.queenalice.com/game.php?id=825858"]
[Date "2010.8.31"]
[Round "1"]
[White "Elemptis"]
[Black "daky62"]
[Result "0-1"]
[WhiteElo "2137"]
[BlackElo "2135"]

1. e4 e5 2. Nf3 Nf6 3. Nxe5 d6 4. Nf3 Nxe4 5. d4 d5 6. Bd3 Be7 7. O-O O-O 8. c4
Nf6 9. Nc3 c6 10. c5 b6 11. cxb6 axb6 12. a3 Ba6 13. Bxa6 Rxa6 14. Re1 Bb4 15.
Bd2 Bxc3 16. Bxc3 Ne4 17. Qd3 b5 18. Rxe4 dxe4 19. Qxe4 Re8 20. Qg4 Qd5 21. Re1
Rxe1+ 22. Nxe1 Nd7 23. Nd3 Qe6 24. Qxe6 fxe6 25. f3 Ra8 26. Kf2 Kf7 27. Ne5+
Nxe5 28. dxe5 c5 29. g4 Rb8 30. h4 b4 31. axb4 cxb4 32. Bd4 Rc8 0-1

[Event "AUTO-MASTER-1207"]
[Site "http://www.queenalice.com/game.php?id=825859"]
[Date "2010.8.31"]
[Round "1"]
[White "daky62"]
[Black "Elemptis"]
[Result "1/2-1/2"]
[WhiteElo "2082"]
[BlackElo "2162"]

1. e4 e5 2. Nf3 Nc6 3. d4 exd4 4. Nxd4 Bc5 5. Nxc6 Qf6 6. Qd2 dxc6 7. Bc4 Be6 8.
Bxe6 Qxe6 9. Qe2 O-O-O 10. O-O Nf6 11. Nc3 h6 12. Kh1 Qg4 1/2-1/2

[Event "AUTO-MASTER-1207"]
[Site "http://www.queenalice.com/game.php?id=825861"]
[Date "2010.8.31"]
[Round "1"]
[White "VladimirSpirin"]
[Black "Elemptis"]
[Result "1/2-1/2"]
[WhiteElo "2050"]
[BlackElo "2181"]

1. b3 e5 2. Bb2 d6 3. g3 Nf6 4. Bg2 Nc6 5. e3 Be7 6. d3 O-O 7. Ne2 d5 8. Nd2 Bg4
9. h3 Bf5 10. g4 Be6 1/2-1/2

[Event "luciopac"]
[Site "http://www.queenalice.com/game.php?id=863849"]
[Date "2010.11.26"]
[Round "2"]
[White "Elemptis"]
[Black "luciopac"]
[Result "1/2-1/2"]
[WhiteElo "2118"]
[BlackElo "2164"]

1. e4 d5 2. exd5 Qxd5 3. Nc3 Qa5 4. d4 c6 5. Nf3 Nf6 6. Bc4 Bg4 7. h3 Bh5 8. Bd2
Qc7 9. g4 Bg6 10. O-O e6 11. Qe2 Bd6 12. g5 Nh5 13. d5 e5 14. Rfe1 Nd7 15. Ne4
O-O 16. Rad1 Rad8 17. dxc6 bxc6 18. Bc3 Nf4 19. Qf1 Bxe4 20. Rxe4 Nc5 21. Rxe5
Bxe5 22. Bxe5 Rxd1 23. Qxd1 Nxh3+ 24. Kh2 Qc8 25. Qd4 Qf5 26. Nh4 Qxg5 27. Kxh3
Ne6 28. Bxe6 fxe6 29. f4 Qe7 30. b4 Rd8 31. Qc4 Rd1 32. Nf5 Qf7 33. Nxg7 Rd5 34.
Qxc6 Rxe5 35. fxe5 Kxg7 36. Qg2+ Kh6 37. Qd2+ 1/2-1/2

[Event "luciopac"]
[Site "http://www.queenalice.com/game.php?id=904399"]
[Date "2011.2.23"]
[Round "3"]
[White "Elemptis"]
[Black "Plotnnikov"]
[Result "0-1"]
[WhiteElo "2119"]
[BlackElo "2478"]

1. e4 c5 2. Nc3 Nc6 3. g3 g6 4. Bg2 Bg7 5. d3 e5 6. Be3 d6 7. Qd2 Nge7 8. Bh6
Bxh6 9. Qxh6 Nd4 10. Rc1 Bg4 11. f3 Be6 12. Nge2 Qb6 13. b3 O-O-O 14. O-O Kb8
15. Nxd4 cxd4 16. Nb1 Rhg8 17. a4 g5 18. Bh3 Bxh3 19. Qxh3 d5 20. Nd2 Qg6 21.
Rfe1 h5 22. exd5 f6 23. d6 Rxd6 24. Nc4 Rc6 25. b4 h4 26. b5 Rc7 27. Qe6 hxg3
28. hxg3 Qh5 29. Qg4 Qh6 30. Kg2 f5 31. Qh3 Qf6 32. Rh1 g4 33. Qh6 gxf3+ 34.
Kxf3 e4+ 35. Ke2 Ng6 36. Rcf1 Re8 37. Kf2 e3+ 38. Kg2 e2 39. Re1 f4 40. g4 Qe6
41. Qg5 Rc5 0-1

[Event "luciopac"]
[Site "http://www.queenalice.com/game.php?id=956678"]
[Date "2011.7.4"]
[Round "4"]
[White "Elemptis"]
[Black "CCapivara"]
[Result "1-0"]
[WhiteElo "2118"]
[BlackElo "2152"]

1. e4 c6 2. d4 d6 3. c4 Nf6 4. Nc3 Qa5 5. Bd3 e5 6. d5 Be7 7. Ne2 O-O 8. O-O a6
9. a3 Qc7 10. h3 cxd5 11. Nxd5 Nxd5 12. cxd5 f5 13. exf5 Bxf5 14. Bxf5 Rxf5 15.
Be3 Nd7 16. Rc1 Qd8 17. Ng3 Rf7 18. b4 Bg5 19. Ne4 Be7 20. Qc2 Nf6 21. Ng5 Rf8
22. Ne6 Qc8 23. Nxf8 Qxf8 24. Qd3 Rc8 25. Bg5 Kh8 26. Qf5 Rb8 27. Bxf6 Bxf6 28.
Rc2 g6 29. Qe6 Re8 30. Qd7 Qe7 31. Rc7 Qxd7 32. Rxd7 e4 33. Rc1 Be5 34. Rcc7 h5
35. Rxb7 Bd4 36. Re7 Rf8 37. Rf7 Rc8 38. g3 e3 39. fxe3 Bxe3+ 40. Kg2 Bd4 41. a4
g5 42. Rh7+ Kg8 43. Rxh5 Rc2+ 44. Kf3 Rc4 45. Rxg5+ Kf8 46. h4 1-0

[Event "AUTO-MASTER-1621"]
[Site "http://www.queenalice.com/game.php?id=1045379"]
[Date "2012.4.3"]
[Round "1"]
[White "Mannu"]
[Black "Elemptis"]
[Result "1/2-1/2"]
[WhiteElo "1977"]
[BlackElo "2165"]

1. e4 e6 2. d3 d5 3. Be2 dxe4 4. dxe4 Qxd1+ 5. Bxd1 Nc6 6. Nf3 Nf6 7. Bf4 Nxe4
8. Bxc7 Bc5 9. O-O O-O 10. Nbd2 Nxd2 11. Nxd2 Bd7 12. Ne4 Bb6 13. Bxb6 axb6 14.
Be2 Nd4 15. Bd3 Rfd8 16. Ng5 h6 17. Ne4 Bb5 18. Bxb5 Nxb5 19. c4 Rd4 20. cxb5
Rxe4 21. b3 1/2-1/2

[Event "AUTO-MASTER-1621"]
[Site "http://www.queenalice.com/game.php?id=1045380"]
[Date "2012.4.3"]
[Round "1"]
[White "Elemptis"]
[Black "Mannu"]
[Result "1/2-1/2"]
[WhiteElo "2171"]
[BlackElo "1969"]

1. e4 e5 2. Nf3 d6 3. d4 exd4 4. Qxd4 Nc6 5. Bb5 Bd7 6. Bxc6 Bxc6 7. c4 Nf6 8.
Nc3 g6 9. O-O Bg7 10. Re1 O-O 11. Qd3 Qd7 12. h3 Rfe8 13. Rb1 a6 14. Bg5 b5 15.
b3 Rab8 16. Bxf6 Bxf6 17. Nd5 Bg7 18. Rbc1 Kh8 19. Nd4 b4 20. Nxc6 Qxc6 21. c5
1/2-1/2

[Event "AUTO-MASTER-1621"]
[Site "http://www.queenalice.com/game.php?id=1045401"]
[Date "2012.4.3"]
[Round "1"]
[White "nemesisdebogota"]
[Black "Elemptis"]
[Result "1-0"]
[WhiteElo "2130"]
[BlackElo "2149"]

1. d4 g6 2. c4 Bg7 3. Nc3 c5 4. d5 d6 5. e4 Nf6 6. Be2 a6 7. Nf3 O-O 8. O-O Nbd7
9. a4 b6 10. Bg5 Rb8 11. Rb1 b5 12. axb5 axb5 13. Nxb5 1-0

[Event "AUTO-MASTER-1621"]
[Site "http://www.queenalice.com/game.php?id=1045402"]
[Date "2012.4.3"]
[Round "1"]
[White "Elemptis"]
[Black "nemesisdebogota"]
[Result "1-0"]
[WhiteElo "2160"]
[BlackElo "2141"]

1. e4 e5 2. Nf3 Nc6 3. Bb5 a6 4. Ba4 Nf6 5. O-O Be7 6. Re1 b5 7. Bb3 d6 8. c3
O-O 9. d4 Bg4 10. Be3 exd4 11. cxd4 Nxe4 12. Qc2 1-0

[Event "sorim1"]
[Site "http://www.queenalice.com/game.php?id=1050366"]
[Date "2012.4.19"]
[Round "1"]
[White "Elemptis"]
[Black "Lucius1"]
[Result "0-1"]
[WhiteElo "2159"]
[BlackElo "2214"]

1. e4 Nf6 2. e5 Nd5 3. d4 d6 4. Nf3 Bf5 5. Bd3 Qd7 6. c3 Nc6 7. exd6 exd6 8. O-O
O-O-O 9. Re1 Be7 10. Bc4 Be6 11. b4 Bf6 12. Qb3 Nce7 13. a4 h6 14. Nbd2 g5 15.
Ne4 Bg7 16. a5 g4 17. Nh4 Rdf8 18. b5 f5 19. Ng3 Bf6 20. b6 a6 21. bxc7 Bxh4 0-1

[Event "AUTO-MASTER-1712"]
[Site "http://www.queenalice.com/game.php?id=1092702"]
[Date "2012.8.13"]
[Round "1"]
[White "Elemptis"]
[Black "clovis"]
[Result "0-1"]
[WhiteElo "2144"]
[BlackElo "1860"]

1. e4 e5 2. Nf3 Nc6 3. d4 exd4 4. Nxd4 Bc5 5. Be3 Bxd4 6. Bxd4 Nf6 7. Nc3 O-O 8.
Be2 Re8 9. f3 d5 10. Bxf6 Qxf6 11. Nxd5 Qxb2 12. Nxc7 Qc3+ 13. Kf1 Rd8 14. Qc1
Rb8 15. Nd5 Qe5 16. Rb1 Be6 17. c4 Bxd5 18. cxd5 Nd4 19. Bd3 Rbc8 20. Qd2 f5 21.
Kf2 fxe4 22. Bxe4 Rxd5 23. Rhe1 Rdc5 24. Bxh7+ Kxh7 25. Rxe5 Rc2 26. Rb2 Rxd2+
27. Rxd2 Nc6 28. Re7 Nxe7 0-1

[Event "AUTO-MASTER-1712"]
[Site "http://www.queenalice.com/game.php?id=1092703"]
[Date "2012.8.13"]
[Round "1"]
[White "clovis"]
[Black "Elemptis"]
[Result "0-1"]
[WhiteElo "1992"]
[BlackElo "2136"]

1. e4 e5 2. Nf3 Nc6 3. Bc4 Bc5 4. O-O Nf6 5. b4 Bxb4 6. c3 Ba5 7. d4 Nxe4 8. Re1
d5 9. Bd3 Nxc3 10. Nxc3 Bxc3 11. Ba3 Bxe1 12. Qxe1 e4 13. Bxe4 dxe4 14. Qxe4+
Ne7 15. Re1 Be6 16. Ng5 Qd5 17. Nxe6 fxe6 18. Qxe6 Qxe6 19. Rxe6 O-O-O 20. Rxe7
Rxd4 21. g3 Rd7 22. Re4 b6 23. f4 Rd2 24. Re7 Rxa2 25. Bb4 Rd8 0-1

[Event "AUTO-MASTER-1712"]
[Site "http://www.queenalice.com/game.php?id=1092704"]
[Date "2012.8.13"]
[Round "1"]
[White "Elemptis"]
[Black "lobsomem"]
[Result "1/2-1/2"]
[WhiteElo "2133"]
[BlackElo "2213"]

1. e4 c5 2. Nf3 Nc6 3. d4 cxd4 4. Nxd4 Nf6 5. Nc3 e5 6. Ndb5 d6 7. Bg5 a6 8. Na3
b5 9. Nd5 Be7 10. Bxf6 Bxf6 11. c3 O-O 12. Bd3 Bg5 13. Nc2 Be6 14. O-O Ne7 15.
Nce3 Rb8 16. Bc2 g6 17. g3 Nxd5 18. Nxd5 Bh3 19. Re1 a5 20. Bd3 Qc8 21. a4 bxa4
22. Qxa4 Rxb2 23. Qxa5 Qg4 24. Bf1 Qf3 25. Qa7 Bxf1 1/2-1/2

[Event "AUTO-MASTER-1712"]
[Site "http://www.queenalice.com/game.php?id=1092705"]
[Date "2012.8.13"]
[Round "1"]
[White "lobsomem"]
[Black "Elemptis"]
[Result "1/2-1/2"]
[WhiteElo "2216"]
[BlackElo "2130"]

1. e4 e5 2. Nf3 Nc6 3. d4 exd4 4. Nxd4 Nf6 5. Nxc6 bxc6 6. Nc3 Bb4 7. Bd3 d5 8.
exd5 cxd5 9. O-O O-O 10. Bg5 c6 11. Qf3 Be7 12. Rae1 Re8 13. h3 h6 14. Bf4 Be6
15. Re2 Bd6 16. Bxd6 Qxd6 17. Rfe1 Bd7 18. Rxe8+ Rxe8 19. Rxe8+ Nxe8 20. Ne2 c5
21. c3 Nf6 22. Bf5 Bxf5 23. Qxf5 Qe6 24. Ng3 1/2-1/2

[Event "AUTO-MASTER-1712"]
[Site "http://www.queenalice.com/game.php?id=1092706"]
[Date "2012.8.13"]
[Round "1"]
[White "Elemptis"]
[Black "tycojp"]
[Result "1-0"]
[WhiteElo "2123"]
[BlackElo "2283"]

1. e4 Nf6 2. e5 Nd5 3. d4 e6 4. c4 Nb6 5. Nf3 d6 6. exd6 cxd6 7. Nc3 Nc6 8. Be2
Be7 9. O-O O-O 10. Be3 a5 11. Rc1 d5 12. b3 dxc4 13. bxc4 Nd7 14. d5 exd5 15.
cxd5 Nb4 16. a3 Na6 17. d6 Bf6 18. Nd5 b6 19. Nxf6+ Nxf6 20. Ne5 Bd7 21. Qb3 Nc5
22. Bxc5 bxc5 23. Bc4 Be8 24. Rfd1 Rb8 25. Qc3 Bd7 26. Re1 a4 27. Rcd1 Be8 28.
Qd3 Rb7 29. Re3 Qb8 30. g4 Bd7 31. g5 Ng4 32. Rh3 Nf6 33. Nxd7 Rxd7 34. gxf6 g6
35. Rxh7 Kxh7 36. Qh3+ Kg8 37. Qh6 Rxd6 38. Qg7# 1-0

[Event "AUTO-MASTER-1712"]
[Site "http://www.queenalice.com/game.php?id=1092707"]
[Date "2012.8.13"]
[Round "1"]
[White "tycojp"]
[Black "Elemptis"]
[Result "1-0"]
[WhiteElo "2218"]
[BlackElo "2140"]

1. e4 e5 2. Nf3 Nc6 3. Bb5 a6 4. Ba4 Nf6 5. O-O Be7 6. Re1 b5 7. Bb3 O-O 8. a4
b4 9. d3 d6 10. Bd2 Bg4 11. Bg5 Nd4 12. Nbd2 h6 13. Bxf6 Bxf6 14. h3 Bxf3 15.
Nxf3 Nxb3 16. cxb3 c5 17. Nd2 g6 18. Nc4 Rb8 19. a5 Qd7 20. Nb6 Qe6 21. Nd5 Bg7
22. Qd2 Rb7 23. Rec1 Kh7 24. Rf1 f5 25. Qe2 f4 26. d4 exd4 27. Qxa6 Qd7 28. f3
Ra7 29. Qd3 Be5 30. a6 Kg7 31. Ra5 Rf7 32. Rfa1 g5 33. Rb5 h5 34. Rb6 g4 35.
hxg4 hxg4 36. Kf2 gxf3 37. gxf3 Qh3 38. Rg1+ Kh6 39. Qf1 1-0

[Event "sorim1"]
[Site "http://www.queenalice.com/game.php?id=1118545"]
[Date "2012.11.3"]
[Round "2"]
[White "strutz"]
[Black "Elemptis"]
[Result "1-0"]
[WhiteElo "2350"]
[BlackElo "2135"]

1. e4 e5 2. Nf3 Nc6 3. d4 exd4 4. Nxd4 Bc5 5. Be3 Qf6 6. c3 Nge7 7. Nc2 d6 8.
Nba3 Bxe3 9. Nxe3 a6 10. Be2 Qg6 11. O-O Qxe4 12. Re1 O-O 13. Bd3 Qh4 14. g3 Qf6
15. Nac2 Be6 16. Be4 1-0